000 00291nam a22001337a 4500
008 170914b xxu||||| |||| 00| 0 eng d
020 _a0133294587
041 _aeng
080 _23RD
_a7
100 _a44
101 _aART
245 _aFORM, SPACE, AND VISION
_cCOLLER,G
942 _2udc
_cBK
999 _c27513
_d27513